Cái kỳ ảo trong tác phẩm Balzac
Xác định bản chất, vai trò, chức năng nghệ thuật của cái kỳ ảo trong tác phẩm Balzac
Na minha lista:
| Autor principal: | |
|---|---|
| Formato: | Livro |
| Idioma: | Vietnamese |
| Publicado em: |
H.
Đại học Sư phạm
2003
|
| Edição: | Tái bản lần thứ nhất có sủa chữa và bổ sung |
| Assuntos: | |
| Tags: |
Adicionar Tag
Sem tags, seja o primeiro a adicionar uma tag!
|
| Thư viện lưu trữ: | Mạng thư viện Đại học Đà Nẵng |
|---|
| LEADER | 01019nam a2200325 4500 | ||
|---|---|---|---|
| 001 | 000004171 | ||
| 003 | 301 | ||
| 005 | 20131108101150.0 | ||
| 008 | 110715s2003 viesd | ||
| 020 | |c 33000 | ||
| 041 | 0 | |a vie | |
| 082 | |a 840.1 |b LEN | ||
| 100 | 0 | |a Lê Nguyên Cẩn | |
| 245 | 0 | |a Cái kỳ ảo trong tác phẩm Balzac |c Lê Nguyên Cẩn | |
| 250 | |a Tái bản lần thứ nhất có sủa chữa và bổ sung | ||
| 260 | |a H. |b Đại học Sư phạm |c 2003 | ||
| 300 | |a 347 tr |c 21 cm | ||
| 520 | |a Xác định bản chất, vai trò, chức năng nghệ thuật của cái kỳ ảo trong tác phẩm Balzac | ||
| 653 | |a Văn học Pháp | ||
| 653 | |a Lịch sử và phê bình | ||
| 653 | |a Nghiên cứu văn học | ||
| 910 | |a Nguyễn Thị Kim Oanh |d 15/ 07/ 2011 | ||
| OWN | |a LSP | ||
| 999 | |a From the UDN01 | ||
| TYP | |a Monograph | ||
| TYP | |a Printed language | ||
| 980 | |a Mạng thư viện Đại học Đà Nẵng | ||